000 01545nam a22001817a 4500
999 _c3179
_d3179
003 OSt
005 20231031092727.0
008 231031b ||||| |||| 00| 0 eng d
020 _a9780435385934
040 _cKH8
082 _a448.242 BEL
100 _aBell, Clive,
_eauthor.
245 _aExpo 3:
_bRouge Pupil Book /
_cClive Bell.
260 _aHarlow ;
_bHeinemann Educational Books,
_c2005.
300 _a160 pages ;
_c7.68 x 0.39 x 10.43 inches.
520 _aThe books develop pupils' use and understanding of French by providing straightforward explanations of the way the language works, alongside motivating, stepped activities. Clear grammatical objectives are made explicit to the pupils at the beginning of each unit. The books provide a stimulating introduction to the French language and the culture of France and other French-speaking countries across the world. Great emphasis is placed on teaching pupils correct pronunciation from the start. Explanations of how to pronounce French sounds and models of French pronunciation are accompanied by regular practice activities throughout the book. Exactly the right level for higher ability pupils in the third year they study French - Integrated grammar explanations and practice - Regular pronunciation tips and practice activities - A wealth of activities for individual work at home or in class - Easy-to-use vocabulary lists to help pupils memorise vocabulary as they go along - Introduction to the culture of France and other French-speaking countries
942 _2ddc
_cTR